| 000 | 00856nmm a2200313 a 4500 | ||
|---|---|---|---|
| 003 | AR-BaBNM | ||
| 005 | 20251128210647.0 | ||
| 008 | 200120s2000 ||||||||||||||000 | spa|| | ||
| 020 | _a987-97290-7-2 | ||
| 040 | _cAR-BaBNM | ||
| 100 | 1 | _aAlbanesi, Carlos | |
| 245 | 1 | 0 | _aEl desafío de la tecnología informática e internet en la educación |
| 250 | _a1ª ed. | ||
| 260 |
_aBuenos Aires _bExo Informática _c2000 |
||
| 300 | 0 |
_a168 p. _bgráfs. |
|
| 650 | 4 | _aINFORMATICA | |
| 650 | 4 | _aTECNOLOGIA EDUCATIVA | |
| 650 | 4 | _aPROCESO DE APRENDIZAJE | |
| 650 | 4 | _aTEORIAS DEL APRENDIZAJE | |
| 650 | 4 | _aDIDACTICA | |
| 650 | 4 | _aPROCESO DEL PENSAMIENTO | |
| 650 | 4 | _aMETODOS DE ENSENANZA | |
| 650 | 4 | _aPROGRAMAS INFORMATICOS | |
| 653 | 0 | _aCONSTRUCTIVISMO | |
| 653 | 0 | _aCOGNITIVISMO | |
| 653 | 0 | _aINTERNET | |
| 942 | _cBK | ||
| 998 | _cRAQUEL | ||
| 999 |
_c16335 _d16335 |
||